LEADER 00878nam a2200205 i 4500 001 000000229004 003 CaOOAMICUS 005 20140422000000.0 008 140422s1828 it u000 u fre u 013 $a207906 026 $ay.de 4.I, t.st quun (7) 1828 (A) 040 $aSeMil$bita 245 10$aDeuxième partie, suite des Pères dogmatiques. Tome neuvième. 300 $a376 p. 773 0 $tBibliothèque choisie des Pères de l'Église grecque et latine, ou cours d'éloquence sacrée; par Marie-Nicolas-Sylvestre Guillon ... Tome 1. [-36.].$dParis : Chez Méquignon-Havard, 1828-1829$g9$w()29766 850 $aSeMil 852 $aSeMil$W1$xVenegono$y1$m2S I 9 FA$j179350$B179350$CSeMilBibl$Z2$F190452 $8I 941 1 $a10 961 $aLascito: Mantegazza 996 $6245$aDeuxième partie, suite des Pères dogmatiques. Tome neuvième$9(OLS)http://semarc/title/327676 LEADER 00734naa a2200145 i 4500 001 000000302719 003 CaOOAMICUS 005 20180831172746.0 008 180831n xx u000 u und u 013 $a10453 040 $aSeMil$bita 100 1 $aNironi, Vittorio.$0(OLS)http://semarc/name/86895 245 13$aLe case di carità per i poveri nella città di Reggio Emilia. 773 0 $aCentro studi e ricerche sulla antica provincia ecclesiastica ravennate$tAtti del convegno di Reggio Emilia.$dCesena : Badia di Santa Maria del Monte, 1984.$kRavennatensia / Centro studi e ricerche sulla antica provincia ecclesiastica ravennate$w()36481 996 $6245$aLe case di carità per i poveri nella città di Reggio Emilia$9(OLS)http://semarc/title/378687